| 000 | 00824nac a22002411u 4500 | ||
|---|---|---|---|
| 010 | _a 94013933 | ||
| 020 | _a0201581930 | ||
| 020 | _a0201403404 | ||
| 082 | 0 | 0 |
_a620.103 _bB4114 |
| 090 |
_c4234 _d4234 |
||
| 100 | _aBedford, A. | ||
| 245 | 1 | 0 |
_aEngineering mechanics : _bstatics / _cAnthony Bedford and Wallace L. Fowler. |
| 246 | 3 | 0 | _aStatics |
| 260 |
_aReading, Mass. : _bAddison-Wesley Pub. Co.,1997 _cc1997. |
||
| 300 |
_axv, 608 p. : _bcol. ill. ; _c27 cm. |
||
| 500 | _aIncludes index. | ||
| 650 | 0 | _aStatics. | |
| 650 | 0 | _aMechanics, Applied. | |
| 700 | 1 | _aFowler, Wallace L. | |
| 740 | 0 | _aEngineering mechanics--statics. | |
| 942 |
_cBB _k620.103B4114 |
||
| 999 |
_c4234 _d4234 |
||